Statystyki dla Państwa z większością lasów A-Z

Kliknij tutaj aby rozwiązać quiz!

Ogólne statystyki

  • Ten quiz został rozwiązany 418 razy
  • Średni wynik to 13 z 23

Statystyki odpowiedzi

Las (km²)Kraj% Poprawnych
B4,776,980Brazylia
91%
R8,149,300Rosja
89%
C2,083,210Chiny
86%
K4,916,438Kanada
80%
S3,100,950Stany Zjednoczone
78%
A1,250,000Australia
76%
O13,050Oman
74%
F246,640Francja
72%
I884,950Indonezja
67%
V4,470Vanuatu
62%
J253,203Japonia
59%
Z376,309Zambia
54%
P687,420Peru
52%
N121,120Norwegia
51%
W471,378Wenezuela
50%
U105,000Ukraina
49%
H67,240Honduras
48%
M710,000Meksyk
48%
E115,510Ekwador
46%
D1,172,704Demokratyczna
Republika Konga
37%
L170,000Laos
33%
T352,570Tanzania
23%
G227,517Gabon
18%

Rozkład punktacji

Percentyl według liczby udzielonych odpowiedzi

Procent ludzi z każdym wynikiem

Twoja historia wyników

Nie rozwiązałeś tego quizu